|
|
|
|
| LEADER |
00862nam a2200241 a 4500 |
| 001 |
010698902 |
| 008 |
091012s1987 enka 001 0 eng d |
| 010 |
|
|
|a 87003671
|
| 020 |
|
|
|a 0582354994
|
| 040 |
|
|
|a Uk
|c Uk
|
| 082 |
0 |
4 |
|a 306/.36
|2 19
|
| 100 |
1 |
|
|a Horne, John,
|d 1955
|
| 245 |
0 |
0 |
|a Work and unemployment /
|c John D. Horne.
|
| 260 |
|
|
|a London :
|b Longman,
|c 1987.
|
| 300 |
|
|
|a 112 p. :
|b ill ;
|c 20 cm.
|
| 504 |
|
|
|a Includes bibliographical references (p. 109-110). and index
|
| 490 |
0 |
|
|a Sociology in focus series.
|
| 541 |
1 |
|
|e 00004187
|
| 650 |
|
0 |
|a Industrial sociology.
|
| 650 |
|
0 |
|a Work
|
| 852 |
4 |
|
|a Ayesha Abed Library
|j General shelf
|
| 999 |
|
|
|c 8212
|d 8212
|
| 952 |
|
|
|0 0
|1 0
|2 ddc
|4 0
|6 306_360000000000000_HOR_1987
|7 0
|9 9395
|a BRACUL
|b BRACUL
|c GEN
|d 2010-04-22
|g 0.00
|l 1
|o 306.36 HOR
|p 3010004187
|r 2025-11-06
|s 2025-11-04
|t 1
|w 2010-04-22
|y BK
|z Not price in Register
|